000
00215 a2200097 4500
020
_a
9781804270103
100
_a
Carlos Manuel Alvarez
245
_a
The fallen
260
_b
Fitzcarraldo Editions
_c
2022
942
_c
OO
999
_c
116103
_d
116102